000 00457nam a2200121Ia 4500
008 160712s9999 xx 000 0 und d
100 _aTalavera, Ma. Gloria V.
245 _cMa. Gloria V. Talavera
_aSupply Chain Management Practices and Challenges: Case Studies of Four Supply Chains
260 _c2015
_bPhilippine Management Review
300 _avol. 22
650 _xMANAGEMENT
856 _uhttp://journals.upd.edu.ph/index.php/pmr/issue/view/476/showToc
999 _c297087
_d297087